00794nam a2200205 4500999001900000005001700019010001500036020002700051035001400078037001300092082001100105100002600116245010600142260003500248270006500283300002600348500005000374942002500424952013900449 c171909d17190920200123121840.0 aENG-127524 c1395.00a9789382730576 aEN-111056 bDBAD/PUB a954.41 aJoshi,Radhakrishna L. aHistory of Modern Maharashtra 1818 AD to 1960 AD/cby Radhakrishna L. Joshi [and] Gatti Ganpat Vishnu aKanpurbGarima Prakashanc2017 a1st floor, Mayur Park, Basant Vihar NaubastabKanpure208021 aviii;324p.c22cm(pbk) aincludes bibliographical references and index 2ddccENh954.41mJOS 001040718NFICaDBADbDBADd2020-01-23eDBAD/PUBg1395.00l0o954.41 JOSpEN-111056r2020-01-23 00:00:00t1v1395.00w2020-01-23yEN